2022 NCAA Tournament Teams Map Quiz - Statistics

General Stats
  • This quiz has been taken 428 times
  • The average score is 49 of 68
Answers on the Map
Answers color-coded by a green-red scale on the quiz's map according to % correct below.
 
Answer Stats
Seed Answer % Correct
6 Texas
95%
8 North Carolina
94%
6 Alabama
93%
1 Arizona
93%
11 Michigan
93%
4 UCLA
93%
1 Kansas
91%
2 Kentucky
91%
7 Michigan State
91%
3 Tennessee
91%
5 Iowa
90%
10 Miami
90%
12 New Mexico State
90%
7 Ohio State
90%
4 Arkansas
89%
2 Duke
89%
12 Indiana
89%
6 LSU
89%
3 Wisconsin
89%
6 Colorado State
88%
1 Gonzaga
88%
7 USC
88%
1 Baylor
87%
8 Boise State
87%
4 Illinois
87%
11 Iowa State
87%
13 South Dakota State
87%
12 Wyoming
87%
13 Vermont
85%
3 Texas Tech
84%
5 Connecticut
83%
5 Houston
83%
14 Montana State
83%
8 San Diego State
83%
2 Auburn
81%
11 Virginia Tech
81%
9 Memphis
79%
3 Purdue
78%
9 Creighton
73%
9 TCU
72%
11 Notre Dame
71%
9 Marquette
69%
4 Providence
69%
11 Rutgers
69%
16 Georgia State
67%
13 Akron
65%
2 Villanova
65%
10 San Francisco
63%
10 Loyola Chicago
62%
14 Yale
57%
15 Delaware
56%
12 Richmond
56%
16 TAMU Corpus Christi
55%
5 St. Mary's
54%
12 UA Birmingham
54%
15 St. Peter's
52%
13 Chattanooga
46%
16 Norfolk State
45%
16 Texas Southern
43%
7 Murray State
41%
8 Seton Hall
41%
14 Colgate
40%
10 Davidson
34%
15 Jacksonville State
34%
16 Bryant
33%
15 CSU Fullerton
33%
14 Longwood
31%
16 Wright State
30%
No matching quizzes found
Score Distribution
Percent of People with Each Score
Percentile by Number Answered
Your Score History
You have not taken this quiz